| 000 | 00000nam##2200000za#4500 |
| 001 | 9.625618 |
| 003 | CaOODSP |
| 005 | 20200421163411 |
| 007 | ta |
| 008 | 150406|2000||||xxc||||| f|0| 0 fre|d |
| 020 | |a0-662-85735-6 |
| 040 | |aCaOODSP|bfre |
| 043 | |an-cn--- |
| 086 | 1 |aNH18-22/100-106F |
| 110 | 2 |aSociété canadienne d'hypothèques et de logement. |
| 245 | 10|aEssais sur place de systèmes de ventilation installés en conformité avec l'OBC de 1993 et le CNB de 1995 |
| 260 | |aOttawa - Ontario : |bSociété canadienne d'hypothèques et de logement |c2000. |
| 300 | |a4p. ; |c28 cm. |
| 490 | 1 |aLe point en recherche. Série technique |v00-106 |
| 563 | |aDépliant |
| 590 | |a01-13|b2001-03-30 |
| 691 | 07|aQualité de l'air|2gcpds |
| 691 | 07|aChauffage|2gcpds |
| 691 | 07|aLogement|2gcpds |
| 691 | 07|aIndustrie de la construction|2gcpds |
| 775 | 08|tField tests of ventilation systems installed to meet the 1993 OBC and 1995 NBC |w(CaOODSP)9.615551 |
| 776 | 0#|tEssais sur place de systèmes de ventilation installés en conformité avec l'OBC de 1993 et le CNB de 1995 |w(CaOODSP)9.602657 |
| 830 | #0|aLe point en recherche. Série technique ;|v00-106|w(CaOODSP)9.513179 |
| 986 | |aLNH 2267 |